| 000 | 00857nam a2200193 i 4500 | ||
|---|---|---|---|
| 001 | 163331 | ||
| 003 | ES-MaACL | ||
| 005 | 20240228151651.0 | ||
| 008 | 940301s1820 sp |||| | spa d | ||
| 040 |
_aAS _bspa |
||
| 245 | 0 | 0 | _aRepresentación y manifiesto que algunos diputados a las cortes ordinarias firmaron en los mayores apuros de su opresión en Madrid, para que la magestad del señor D. Fernando el VII a la entrada en España de vuelta de su cautividad, se penetrase del estado de la nación... |
| 250 | _aImp. en el año de 1814, y reimp. con notas criticas en el presente. | ||
| 260 |
_aMadrid : _b[s.n.], _c1820 ( _fIbarra) |
||
| 300 |
_a307 p. ; _c22 cm. |
||
| 594 | _aPrecede al tít.: "J.M.J." | ||
| 651 | 4 |
_aEspaña- _xHistoria- _y1814-1833, Fernando VII _98248 |
|
| 852 |
_aES-MaACL _jB-335 _z-- Enc. hol. |
||
| 999 |
_c163331 _d163331 |
||